Language in society : an introduction to sociolinguistics

Αποθηκεύτηκε σε:
Λεπτομέρειες βιβλιογραφικής εγγραφής
Κύριος συγγραφέας: Romaine, Suzanne 1951-
Μορφή: Βιβλίο
Γλώσσα:English
Δημοσίευση: Oxford : Oxford University Press, 1994
Θέματα:
Ετικέτες: Προσθήκη ετικέτας
Δεν υπάρχουν, Καταχωρήστε ετικέτα πρώτοι!

MARC

LEADER 00000nam a2200000 i 4500
001 1/11909
008 980116s1994 eng d
020 |a 0-19-875134-6 
035 |1 ΠΑΡ  |a 1997  |l 10018432 
040 |a GR-MY-UA  |b gre  |e aacr 
041 0 |a eng 
082 0 |a 306.44 
100 1 |a Romaine, Suzanne  |d 1951- 
245 1 0 |a Language in society :  |b an introduction to sociolinguistics /  |c Suzanne Romaine 
260 |a Oxford :   |b Oxford University Press,   |c 1994 
300 |a 235 p.  |b fig. 
504 |a Includes bibliographical references and index 
650 0 0 |a Sociolinguistics. 
852 |a INST  |b LESVOS  |e 19980116  |h 306.44 ROM  |p 005100015349  |q 005100015349  |t BK  |y 0 
909 |a Λ  |b 052179 
950 |a 140/1995-10-24